Truyện ngắn; T1 = The complete short stories of Ernest Hemingway

Đã lưu trong:
Bibliografiske detaljer
Hovedforfatter: Ernest Hemingway
Format: Bog
Sprog:Undetermined
Udgivet: Hà Nội Văn Học 1998
Fag:
Tags: Tilføj Tag
Ingen Tags, Vær først til at tagge denne postø!
Thư viện lưu trữ: Trung tâm Học liệu Trường Đại học Cần Thơ
LEADER 00554nam a2200181Ia 4500
001 CTU_27507
008 210402s9999 xx 000 0 und d
082 |a 813.52 
082 |b H488t/T1 
100 |a Ernest Hemingway 
245 0 |a Truyện ngắn; T1 
245 0 |b = The complete short stories of Ernest Hemingway 
245 0 |c Ernest Hemingway, Lê Huy Bắc 
260 |a Hà Nội 
260 |b Văn Học 
260 |c 1998 
650 |a short stories, american - 20th century 
980 |a Trung tâm Học liệu Trường Đại học Cần Thơ